000 00590nam a2200229Ia 4500
003 OSt
005 20221005124430.0
006 a|||||r|||| 00| 0
007 ta
008 221004b |||||||| |||| 00| 0 mal d
024 _a57645
037 _cTextual
040 _aCRL
_cCRL
_bmal
041 _2mal
_amal
082 _aO32,6xM77w, L5
100 _aKunhappa Murkot Au.
_9635226
245 0 _aMurkot kumaran
260 _c1975
650 _aMALAYALAM LITERATURE
_938866
942 _hO32,6xM77w, L5
_cTEXL
_2cc
999 _c1050464
_d1050464